000 00669nam a22002297a 4500
999 _c375832
_d375832
001 89540
003 UA-OsUOA
005 20191219113257.0
007 ta
008 20121107b un ||||| |||| 00| 0 ukr d
040 _aUA-OsUOA
_bukr
_cUA-OsUOA
_dUA-OsUOA
041 _aukr
080 _a821.161.2
090 _a821.161.2
_bЗ-26
100 _aЗамлинський В.
245 _aВолинський полк іде в революцію: документальні повісті
260 _aК.
_bДніпро
_c1967
300 _a438 с.
650 7 _a82 Література. Літературознавство
_2UDC
942 _cBK
_2udc
955 _a4